000 00933nmm a2200289 a 4500
001 ocm000598021
003 TR-IsHL
005 20201028130514.0
008 131010s2005 tu tur
007 cr cn
020 _a9789756231937
035 _a598021
_b(N$T)
050 0 4 _aPN1995.9.R65
_bG55 2005
090 0 4 _aPN1995.9.R65
_bG55 2005
100 1 _aPyle, Howard
245 1 0 _aRobin Hood
_h[electronic resource] /
_cHoward Pyle ; yay.haz. İbrahim Faruk
250 _a1. bs.
260 _aİstanbul :
_bParıltı Yayıncılık,
_c2005
300 _a158 p.
650 4 _aDil ve Edebiyat
650 4 _aLanguage and Literature
650 0 _aİngiliz romanı
650 0 _aEnglish fiction
650 7 _aLITERARY COLLECTIONS / European / English, Irish, Scottish, Welsh
_2bisacsh
700 1 _aFaruk, İbrahim
856 4 0 _uhttp://search.ebscohost.com/login.aspx?direct=true&scope=site&db=e011xww&AN=598021
999 _c4060
_d4060